000 00456nam a2200181Ia 4500
005 20241004044619.0
008 240331s9999 xx 000 0 und d
020 _a0415086868
082 _bCHA
_a820
100 _aGreene, G
245 0 _aChanging subjects :
_bthe making of feminist literary criticism
260 _aLondon
_bRoutledge
_c1993
300 _aix, 283 p .,
650 _aFeminist
650 _aCriticism
650 _aPolitical
942 _cL
999 _c3149
_d3149